000 00694nam a22002295i 4500
001 175873
003 ES-MaACL
005 20230906215933.0
008 101126s1931 fr a |||| | fre d
080 _a929 Comte, Auguste
080 _a1 Comte, Auguste
100 1 _aGouhier, Henri.
_959322
245 1 3 _aLa vie d' Auguste Comte /
_cpar Henri Gouhier.
260 _aParis :
_bGallimard,
_c1931.
300 _a300 p. , [2] h. :
_b1 retr. ;
_c19 cm.
490 1 _aVies des hommes illustres ;
_v63
546 _aTexto en francés.
600 0 4 _aComte, Auguste.
_940056
830 0 _aVies des hommes illustres ;
_v63
_9182839
852 _aES-MaACL
_jE-13695
999 _c175873
_d175873